01840nam a2200325 a 450000100100000000500170001000800410002702000180006804000250008608200230011110000440013424501220017826000720030030000280037249000520040049000370045250400280048959000260051765000830054365000370062670000430066383000970070691000380080395201210084195201270096295201360108995201360122595201360136199900170149700003015520240228184147.0110503s2011 dr a 001 0 spa d a9789945443417 aDO-SdBNPbspacBNPHU a737.497293bM149co1 aMachado de Sosa, Sinthia,d1950-95686610aColeccionismo y billetes dominicanos :b1947-2009 /cSinthia Machado de Sosa ; presentación Héctor Valdez Albizu. aSanto Domingo :bBanco Central de la República Dominicana,c2011. a153 p. :bil. ;c28 cm.1 aBanco Central de la República Dominicanav1131 aNumismática y Filatélicav11 aBibliografía : p. 153 aInventariado, 2018/LP 4aBilletes de bancozRepública DominicanaxColeccionistas y colecciones956867 4aPapel monedaxColecciones9568681 aValdez Albizu, Héctor,d1947-912322 0aBanco Central de la República Dominicana ;v113pNumismática y Filatélica ;n11956869 aValidado. Control de calidad EMS. 0010718PDaPDbPDcHDd2011-05-03iLF1l0o737.497293 M149cop30155-10r2020-06-25w2020-06-25yLFPDZNo se presta 0010718PDaPDbPDcHDd2011-05-03iLF1l0o737.497293 M149cop30155-20r2020-06-25te. 2w2020-06-25yLFPDZNo se presta 001054708DSaPDbPDcHDd2011-05-03iLF1l0o737.497293 M149cop30155-30r2020-06-25te. 3w2020-06-25yLFDSZPréstamo en sala 001054708DSaPDbPDcHDd2018-06-21iLF1l0o737.497293 M149cop30155-40r2020-06-25te, 4w2020-06-25yLFDSZPréstamo en sala 001054708DSaPDbPDcHDd2019-05-23iLF1l0o737.497293 M149cop30155-50r2020-06-25te. 5w2020-06-25yLFDSZPréstamo en sala c29647d29647